2019 College Basketball AP Poll - Statistics

General Stats
  • This quiz has been taken 25 times
    21 since last reset
  • The average score is 17 of 25
Answer Stats
Rank Answer % Correct
#1 Duke
92%
#10 Florida State
92%
#7 Kentucky
92%
#8 Michigan
92%
#5 Michigan State
92%
#3 North Carolina
92%
#14 Auburn
83%
#18 Kansas State
83%
#9 Texas Tech
83%
#4 Gonzaga
75%
#24 Iowa State
75%
#17 Kansas
75%
#11 Houston
67%
#12 LSU
67%
#13 Purdue
67%
#6 Tennessee
67%
#23 Villanova
58%
#2 Virginia
58%
#16 Virginia Tech
58%
#21 Wisconsin
50%
#22 Cincinnati
42%
#20 Nevada
33%
#25 Utah State
33%
#15 Buffalo
17%
#19 Wofford
17%
No matching quizzes found
Score Distribution
Percent of People with Each Score
Percentile by Number Answered
Your Score History
You have not taken this quiz since the last reset